| 000 | 01258nam a2200193Ia 4500 | ||
|---|---|---|---|
| 999 |
_c30939 _d30939 |
||
| 003 | OSt | ||
| 005 | 20220207123446.0 | ||
| 008 | 160316s2012 xxu||||| |||| 00| 0 eng d | ||
| 040 | _cNLS | ||
| 082 | _a340.092 BAR | ||
| 100 | _a | ||
| 245 | _aBar council of India rules | ||
| 260 |
_aNew Delhi _bProfessional Book Publishers _c2012 |
||
| 300 | _a158p | ||
| 365 | _b Rs. 150 | ||
| 505 | _aContents: The Bar Council of India Rules; Part I-Definitions; Part II-Matters relating to bar council of India; Part III-Certain matters relating to state council; Part IV-Rules of legal education; Part V-The state roll and seniority; Part VI-Special provision for enrolment of certain Supreme Court Advocates; Part VII-Disciplinary proceedings and review; Part VIII-Fee leviable under the act; Part IX-General principles to be followed by state bar councils and the bar council of India, rules for supervision and control by the bar council of India; The Bar Council of India Training Rules, 1995; The Advocates (Right to Take Up Law Teaching) Rules, 1979; Model Scheme for Welfare of Advocates framed by bar council of India; The bar council of India Advocates Welfare Scheme, 1998; The Advocates Act, 1961. | ||
| 700 |
_a _a |
||
| 942 |
_2ddc _cBK |
||